000 01535nam a2200241Ia 4500
001 281
005 20251203123024.0
008 251203t2010||||xx |||||||||||||| ||spa||
020 _a9786124069512
041 _aESP
082 _aRO 869.508
_bC76
110 _aEl Comercio
245 0 _aBiblioteca imprescindibles peruanos :
_b[Tomos 1-14]
250 _aPrimera edición
260 _aLima :
_bProducciones Cantabria,
_c2010
300 _a350 páginas :
_b ilustraciones, fotografías ;
_c 29 cm.
_e
440 _a
_n
_v
505 _aTomo 1: Perú independiente - Jorge Basadre; Tomo 2. Comentarios reales de los incas - Inca Garcilaso de la Vega; Tomo 3. Sipán - Walter Alva; Tomo 4. Incas - María Rostworowski; Tomo 5. Paisajes peruanos - José de la Riva Agüero; Tomo 6. Pequeña antología de Lima - Raúl Porras Barrenechea; Tomo 7. Horas de lucha - Manuel González Prada; Tomo 8. Siete ensayos de interpretación de la realidad peruana - José Carlos Mariátegui; Tomo 9. Buscando un Inca, identidad y utopía en los Andes - Alberto Flores Galindo; Tomo 10. El primer nueva corónica y buen gobierno - Felipe Guamán Poma De Ayala; Tomo 11. Costa, sierra y montaña - Aurelio Miró Quesada Sosa; 12. La realidad nacional - Víctor Andrés Belaunde; Tomo 13. Desborde popular y crisis del Estado - José Matos Mar; 14. Ciudad de los Reyes, de los Chávez, de los Quispe - Rolando Arellano Cueva y David Burgos.
650 _aLYR
653 _aLiteratura peruana; Colección
654 _aCTP
942 _cLIB
_dJUS
_fMAT
_2ddc
_n
999 _c281
_d281